1098 1434 1632 1512 1071 1120 1727 1324 1247 1533 1473 1137 1002 1374 1401 1175 1614 1490 1874 1487 1290 1393 1702 1604 1743 1738 1032 1917 1735 1789 1614 1636 1574 1475 1128 1392 1569 1435 1503 1219 1175 1461 1833 1243 1668 1705 1997 1510 1467 1018 1946 1013 1196 1785 1488 1945 1962 1872 1782 1362 1147 1731 1408 1715 1226 1470 1143 1686 1932 1038 1475 1082 1387 1232 1068 1618 1662 1359 1590 1945 1807 1988 1898 1289 1145 1247 1309 1058 1283 1865 1886 1566 1832 1617 1999 1238 1977 1756 1901 BCNSPRNW ULIB Ver.6.0+V

เปลี่ยนเป็นภาษาไทย

Change to English
 แสดงรายละเอียดบรรณานุกรม
  กลับหน้าหลัก

Brief Record : Get Marc (ISO 2709) : E-mail record : QR code < ปิดหน้าต่าง
LEADER : 00000nam 2200000uu 4500
001    13399129145
003     ULIB
008    250718s2023||||th 000 0 tha d
020    ^a9781506288291
050 0  ^aPE1128^bL887B
100 1  ^aLougheed, Lin^eAuthor
245 1  ^aBarron s the trusted name in test prep :^bIELTS Premium /^cLin Lougheed
246 3  ^aBarron s IELTS Premium
246 3  ^aIELTS Premium
246 3  ^a6 practice tests + comprehensive review
250    ^a7th ed.
260    ^aEnglish :^bBarron s Educational Services,^c2023
300    ^avi, 490 pages :^btables ;^c28 cm
650  0 ^aEnglish language
650  0 ^aEnglish language^xExaminations
650  0 ^aEnglish language^xExaminations, questions, etc
650  0 ^aInternational English Language Testing System
945    ^p1147^l0^i011900
999    ^aประนอม เกษจรัล
รายการนี้ยังไม่มีแท็ก
คุณยังไม่ได้ล็อกอิน คุณสามารถมีกิจกรรมร่วมกับเว็บไซต์ได้ แต่ต้องล็อกอินก่อน ::
  ล็อกอิน

รายการสื่อสารสนเทศ

ลำดับที่ ประเภท เลขเรียก/บาร์โค้ด สถานที่ สถานะ
1. การศึกษาทั่วไป
หนังสือสำรอง
สถานะ=หนังสือสำรอง
PE1128 L887B ฉ.1 
  Barcode: 011900
ห้องสมุดวิทยาเขตสวรรค์ประชารักษ์
►หนังสือทั่วไป
บนชั้น

รายการใกล้เคียง
    หัวเรื่อง [English language]
    หัวเรื่อง [International English Language Testing System]

BibComment


ยังไม่เคยถูกคอมเมนท์

คอมเมนท์ทรัพยากรรายการนี้
  คอมเมนท์: Barron s the tru..


 Copyright 2026. Bcnsprnw @Library